Salary Survey 2015 (Record no. 84772)

MARC details
000 -LEADER
fixed length control field 01046cab a22002055a 4500
001 - CONTROL NUMBER
control field L159017
008 - FIXED-LENGTH DATA ELEMENTS--GENERAL INFORMATION
fixed length control field 151209e20150512xxk 000 0 eng d
035 ## - SYSTEM CONTROL NUMBER
System control number (Sirsi) u159017
041 0# - LANGUAGE CODE
Language code of text/sound track or separate title eng
100 1# - MAIN ENTRY--PERSONAL NAME
Personal name Wright, Emily
245 00 - TITLE STATEMENT
Title Salary Survey 2015
260 ## - PUBLICATION, DISTRIBUTION, ETC.
Date of publication, distribution, etc. 2015
490 ## - SERIES STATEMENT
Series statement Estates Gazette
Volume/sequential designation (1548) 5 December 2015, 66-71(6)
520 ## - SUMMARY, ETC.
Summary, etc. Latest salary survey reports that pay and bonuses rise but diversity issues remain. 21% of those surveyed believe they have been discriminated against in their positions which is 4% up on last year. Gender is the area in which people felt the most sidelined with 50% of those people reporting this. Salaries failed to top the list when respondents were asked to select the most important factors in their positions with challenging and interesting work being the top category. Average salaries are £55 256 for men and £42 481 for women.
590 ## - LOCAL NOTE (RLIN)
Local note KA
651 #4 - SUBJECT ADDED ENTRY--GEOGRAPHIC NAME
Geographic name United Kingdom
690 ## - LOCAL SUBJECT ADDED ENTRY--TOPICAL TERM (OCLC, RLIN)
Topical term or geographic name as entry element Business and management
9 (RLIN) 6226
690 ## - LOCAL SUBJECT ADDED ENTRY--TOPICAL TERM (OCLC, RLIN)
Topical term or geographic name as entry element Management consultancy
9 (RLIN) 6255
942 ## - ADDED ENTRY ELEMENTS (KOHA)
Suppress in OPAC 0
Holdings
Withdrawn status Lost status Source of classification or shelving scheme Damaged status Not for loan Home library Current library Shelving location Date acquired Total Checkouts Full call number Barcode Date last seen Copy number Price effective from Koha item type
    Dewey Decimal Classification     London London Journal article 09/12/2015   L159017 159017-1001 06/08/2019 1 06/08/2019 Journal article